Crecimiento, desarrollo y democracia en Colombia Los contrapesos de un proceso incompleto /

Detalles Bibliográficos
Autor principal: Albǹ Moreno, ℓlvaro
Otros Autores: Rendn̤ Vľez, Jorge Alberto
Formato: eBook
Lenguaje:español
Publicado: Bogot:̀ Ediciones de la U, 2018
Materias:
Acceso en línea:Acceso restringido

MARC

LEADER 00000nam a22000007a 4500
005 20191114203444.0
007 cr|||| ||||
008 191114s2018 co |||||s|||| 00||0 spa d
020 |a 978-958-762-881-4 
035 |a 30667 
040 |a vLex 
090 |c 9996  |d 9996 
100 1 |a Albǹ Moreno, ℓlvaro 
245 1 0 |a Crecimiento, desarrollo y democracia en Colombia  |h [Recurso electrn̤ico] :  |b Los contrapesos de un proceso incompleto /  |c ℓlvaro Albǹ Moreno, Jorge Alberto Rendn̤ Vľez 
256 |a Servicio en ln̕ea 
260 |a Bogot:̀  |b Ediciones de la U,  |c 2018 
300 |a 1 recurso electrn̤ico 
500 |a En la presente obra, se plantea una discusin̤ sobre el desarrollo colombiano desde un enfoque que pretende trascender la perspectiva coyuntural. Se examinan y analizan los acontecimientos sociales, econm̤icos y polt̕icos ms̀ relevantes que han modelado la actual estructura socioeconm̤ica del pas̕ con el fin de hacer visibles elementos que suelen omitirse en estudios cuya perspectiva no es histr̤ica. Se considera que este ejercicio analt̕ico es importante para valorar con mayor amplitud las posibilidades del logro de un desarrollo sostenido e incluyente en Colombia, condicionadas por factores estructurales que constituyen un peso histr̤ico que no permite afianzar una verdadera senda de crecimiento sostenible y un avance en la equidad de su distribucin̤. Para esta tercera edicin̤, los autores tomaron decisiones de fondo respecto a la estructura del libro, puesto que al integrarse nuevos elementos y profundizarse otros ya presentes en el anl̀isis emergen categora̕s explicativas que redimensionan la perspectiva inicial que, sin desvirtuar la hipt̤esis que ha guiado este trabajo desde su primera edicin̤, definen nuevas interrelaciones que son necesarias interpretar dada la emergencia de procesos polt̕icos como el acuerdo de paz que, pese a la polarizacin̤ generada, fue concretado entre el Gobierno colombiano y el grupo insurgente de las Fuerzas Armadas Revolucionarias de Colombia Ejřcito del Pueblo (FARCEp). 
506 1 |a Disponible solo en los productos indicados  |d vLex Global  |d vLex Global (Academic Edition, excluding Law Schools)  |d vLex Global (U.S. Academic Edition, Law Schools)  |d vLex Global (U.S. Academic Edition, excluding Law Schools)  |d vLex Global (Academic Edition, Law Schools) 
650 0 4 |a Derecho Pb︢lico y Administrativo  |z Colombia 
650 0 4 |a Economa̕ y negocios  |z Colombia 
700 1 |a Rendn̤ Vľez, Jorge Alberto 
740 0 |a vLex Libros (Servicio en ln̕ea) 
856 4 0 |u http://vlex.com/source/crecimiento-desarrollo-y-democracia-en-colombia-los-contrapesos-de-un-proceso-incompleto-30667  |z Acceso restringido 
942 |c BOOK 
999 0 |a Public and Administrative Law 
999 0 |a Economy and business